书目信息 |
| 题名: |
国际共产主义运动历史文献
|
|
| 作者: | 王学东 主编 | |
| 分册: | 第57卷 | |
| 出版信息: | 北京 中央编译出版社 2013.1 |
|
| 页数: | 583页 | |
| 开本: | 23cm | |
| 丛书名: | 中央编译局文库 | |
| 单 册: | ||
| 中图分类: | D165 | |
| 科图分类: | ||
| 主题词: | 国际共产主义运动史--guo ji gong chan zhu yi yun dong shi--史料 | |
| 电子资源: | ||
| ISBN: | 978-7-5117-1581-4 | |
| 000 | 01133oam2 2200289 450 | |
| 001 | 2133107501 | |
| 005 | 20211026092031.45 | |
| 010 | @a978-7-5117-1581-4@b精装@dCNY210.00 | |
| 100 | @a20190321e20192013em y0chiy0120 ea | |
| 101 | 0 | @achi |
| 102 | @aCN@b110000 | |
| 105 | @ay z 000yy | |
| 106 | @ar | |
| 200 | 1 | @a国际共产主义运动历史文献@Aguo ji gong chan zhu yi yun dong li shi wen xian@h第57卷@f王学东主编@g王学东卷主编 |
| 210 | @a北京@c中央编译出版社@d2013.1@h2019.8重印 | |
| 215 | @a583页@d23cm | |
| 225 | 2 | @a中央编译局文库@Azhong yang bian yi ju wen ku |
| 300 | @a共产国际第七次代表大会文献@h1 | |
| 300 | @a国家“十二五”重点图书 国家出版基金项目 | |
| 330 | @a本书收录了共产国际第七次代表大会会议记录,内容包括:威廉·皮克致开幕词、大会议程、安加雷蒂斯作共产国际监察委员会工作报告等。 | |
| 461 | 0 | @12001 @a中央编译局文库 |
| 601 | 02 | @a共产国际@Agong chan guo ji@x扩大会议@j史料 |
| 606 | 0 | @a国际共产主义运动史@Aguo ji gong chan zhu yi yun dong shi@j史料 |
| 690 | @aD165@v5 | |
| 701 | 0 | @a王学东@Awang xue dong@f(1953 )@4主编@4卷主编 |
| 801 | 0 | @aCN@b百万庄@c20211025 |
| 905 | @b1312192-94@dD165@e23:57@f3 | |
| 国际共产主义运动历史文献.第57卷/王学东主编/王学东卷主编.-北京:中央编译出版社,2013.1(2019.8重印) |
| 583页;23cm.-(中央编译局文库) |
| 共产国际第七次代表大会文献.-国家“十二五”重点图书 国家出版基金项目 |
| ISBN 978-7-5117-1581-4(精装):CNY210.00 |
| 本书收录了共产国际第七次代表大会会议记录,内容包括:威廉·皮克致开幕词、大会议程、安加雷蒂斯作共产国际监察委员会工作报告等。 |
| ● |
| 相关链接 |
|
|
|
|
正题名:国际共产主义运动历史文献
索取号:D165/23:57
 
预约/预借
| 序号 | 登录号 | 条形码 | 馆藏地/架位号 | 状态 | 备注 |
| 1 | 1312192 | 213121922 | 第一样本阅览室/ [索取号:D165/23:57] | 在馆 | |
| 2 | 1312193 | 213121931 | 第一借阅区/ [索取号:D165/23:57] | 在馆 | |
| 3 | 1312194 | 213121940 | 第一借阅区/ [索取号:D165/23:57] | 在馆 |